Development of online library management system of Cavite State University-Rosario / (Record no. 3414)
[ view plain ]
| 000 -LEADER | |
|---|---|
| fixed length control field | 02480nam a22003017a 4500 |
| 003 - CONTROL NUMBER IDENTIFIER | |
| control field | OSt |
| 005 - DATE AND TIME OF LATEST TRANSACTION | |
| control field | 20240521234112.0 |
| 008 - FIXED-LENGTH DATA ELEMENTS--GENERAL INFORMATION | |
| fixed length control field | 240508b ||||| |||| 00| 0 eng d |
| 040 ## - CATALOGING SOURCE | |
| Language of cataloging | English. |
| Transcribing agency | CvSU-CCAT Campus Library. |
| Description conventions | rda. |
| 050 ## - LIBRARY OF CONGRESS CALL NUMBER | |
| Classification number | UM Z 678.9.A1 |
| Item number | S26 2016 |
| 100 ## - MAIN ENTRY--PERSONAL NAME | |
| Personal name | San Juan, Charlie C., author. |
| 9 (RLIN) | 12491 |
| 245 ## - TITLE STATEMENT | |
| Title | Development of online library management system of Cavite State University-Rosario / |
| Statement of responsibility, etc. | Charlie C. San Juan, John Anthony B. Bedico, and John Paul V. Prodigalidad. |
| 260 ## - PUBLICATION, DISTRIBUTION, ETC. | |
| Place of publication, distribution, etc. | Rosario, Cavite : |
| Name of publisher, distributor, etc. | Cavite State University-CCAT Campus, |
| Date of publication, distribution, etc. | 2016. |
| 300 ## - PHYSICAL DESCRIPTION | |
| Extent | xiii, 143 leaves : |
| Other physical details | illustrations ; |
| Dimensions | 28 cm |
| 500 ## - GENERAL NOTE | |
| General note | A Design Project (BSInfoTech) -- Cavite State University-CCAT Campus, 2016. |
| 504 ## - BIBLIOGRAPHY, ETC. NOTE | |
| Bibliography, etc. note | Includes bibliographical references and appendices. |
| 520 ## - SUMMARY, ETC. | |
| Thesis Abstract | <a href="SAN JUAN, CHARLIE C., BEDICO, JOHN ANTHONY B. AND PRODIGALIDAD, JOHN PAUL V. Development of Online Library Management System of Cavite State University-Rosario. Design Project. Bachelor of Science in Information Technology. Cavite State University-Rosario Campus, Rosario, Cavite. April 2016. Adviser: Prof. Christopher G. Estonilo.<br/><br/>The study was conducted from January 2015 to March 2016 to develop an online library management system. Specifically, the study aimed: 1) design and develop the logical and user interface of the online library management system; 2) test and evaluate the online library management system; 3) and deploy the system through internet.<br/><br/>The developers used the interactive model of system development for the methodology. The planning, analysis, design phase were performed continuously until the system was developed for evaluation and implementation.<br/><br/>The system was evaluated by 30 participants, composed of IT experts, librarian, teachers and students of CvSU-Rosario. The online library management system gained a total score of 93/100, suggesting an outstanding performance and characteristics.">SAN JUAN, CHARLIE C., BEDICO, JOHN ANTHONY B. AND PRODIGALIDAD, JOHN PAUL V. Development of Online Library Management System of Cavite State University-Rosario. Design Project. Bachelor of Science in Information Technology. Cavite State University-Rosario Campus, Rosario, Cavite. April 2016. Adviser: Prof. Christopher G. Estonilo.<br/><br/>The study was conducted from January 2015 to March 2016 to develop an online library management system. Specifically, the study aimed: 1) design and develop the logical and user interface of the online library management system; 2) test and evaluate the online library management system; 3) and deploy the system through internet.<br/><br/>The developers used the interactive model of system development for the methodology. The planning, analysis, design phase were performed continuously until the system was developed for evaluation and implementation.<br/><br/>The system was evaluated by 30 participants, composed of IT experts, librarian, teachers and students of CvSU-Rosario. The online library management system gained a total score of 93/100, suggesting an outstanding performance and characteristics.</a> |
| 546 ## - LANGUAGE NOTE | |
| Language note | In English text. |
| 650 ## - SUBJECT ADDED ENTRY--TOPICAL TERM | |
| Topical term or geographic name entry element | Libraries - Automation. |
| 9 (RLIN) | 12857 |
| 650 ## - SUBJECT ADDED ENTRY--TOPICAL TERM | |
| Topical term or geographic name entry element | Integrated library systems (Computer Systems). |
| 9 (RLIN) | 12858 |
| 650 ## - SUBJECT ADDED ENTRY--TOPICAL TERM | |
| Topical term or geographic name entry element | Integrated library systems. |
| 9 (RLIN) | 12859 |
| 700 ## - ADDED ENTRY--PERSONAL NAME | |
| Personal name | Bedico, John Anthony B., author. |
| 9 (RLIN) | 12492 |
| 700 ## - ADDED ENTRY--PERSONAL NAME | |
| Personal name | Prodigalidad, John Paul V., author. |
| 9 (RLIN) | 12493 |
| 700 ## - ADDED ENTRY--PERSONAL NAME | |
| Personal name | Estonilo, Christopher G., adviser. |
| 9 (RLIN) | 5822 |
| 700 ## - ADDED ENTRY--PERSONAL NAME | |
| Personal name | Gelera, Aries M., technical critic. |
| 9 (RLIN) | 11817 |
| 942 ## - ADDED ENTRY ELEMENTS (KOHA) | |
| Source of classification or shelving scheme | Library of Congress Classification |
| Koha item type | Thesis/Manuscripts/Dissertations |
| Call number prefix | UM |
| Classification part | Z 678.9.A1 S26 2016 |
| Withdrawn status | Lost status | Source of classification or shelving scheme | Damaged status | Not for loan | Collection code | Home library | Current library | Shelving location | Date acquired | Coded location qualifier | Full call number | Barcode | Date last seen | Copy number | Price effective from | Koha item type |
|---|---|---|---|---|---|---|---|---|---|---|---|---|---|---|---|---|
| Library of Congress Classification | Thesis/Manuscript/Dissertation | Cavite State University - CCAT Campus | Cavite State University - CCAT Campus | TH | 09/14/2016 | UM | UM Z 678.9.A1 S26 2016 | T0002879 | 10/24/2025 | 1 | 05/08/2024 | Thesis/Manuscripts/Dissertations |
